000 00285nam a2200109Ia 4500
008 230320s9999||||xx |||||||||||||| ||spa||
082 _a193/S31S
100 _aSchopenhauer
245 0 _aSobre La Cuadruple Raíz Del Principio De Razón Suficiente
260 _bAguilar
942 _80
_cLIB
999 _c26362
_d26362